000 00718nam a2200229Ii 4500
003 JO-AjNU
008 230605s9999||||xx |||||||||||||| ||und||
017 _a1999/12/2267
020 _a9957-06-044-9
040 _aJO-AjNU
_bara
_erda
_cJO-AjNU
041 _aara
050 1 4 _aPJ131.M8488 2000
100 3 _aتاليف عبد اللطيف,محمد منال,
_eauthor
_914539
245 0 0 _aالمدخل الى علم الصرف
250 _aط1
264 3 1 _aعمان:دار المسيرة للنشر والتوزيع,2000
300 _a151ص
336 _atext
_btxt
_2rdacontent
337 _aunmediated
_bn
_2rdamedia
338 _avolume
_bnc
_2rdacarrier
650 4 _aقواعد اللغة-الصرف
_914540
999 _aA3901
_c7469
_d7469